000 00612nam a2200205 a 4500
001 000047969
003 DO-SdBNP
005 20250603111251.0
008 181008s1993 dr r 000 0 spa d
040 _aDO-SdBNP
_bspa
_cBNPHU
082 4 _a657
_bR696g
_222
100 1 _aRodríguez, Antonio S.
_921620
245 1 0 _aGuía práctica de instalación de sistema contable /
_cAntonio S. Rodríguez.
260 _aSanto Domingo :
_bs.n.,
_c1993.
300 _a69 p. ;
_c21 cm.
590 _aInventariado, 2018/BT
650 0 _aContabilidad
_95846
650 4 _aLibros de contabilidad
_921621
942 _2ddc
_cLBS1
999 _c47457
_d47457